Walde, Martin. Gestaltung sorbischer katholischer Lebenswelt. - Bautzen : Lusatia-Verl.. - 2000 [Rezension]

Titel: Walde, Martin. Gestaltung sorbischer katholischer Lebenswelt. - Bautzen : Lusatia-Verl.. - 2000 [Rezension]
Verfasser:
In: Sorbisches Institut: Lětopis, Band 49, Heft 1 (2002), Seite 154-156
alle Artikel anzeigen
Veröffentlicht: 2002
Format: Aufsatz
Sprache: Deutsch
Kein Bild verfügbar
X
alg: 39472954
001A    $01999:12-11-16 
001B    $01999:03-08-21 $t21:00:41.000 
001D    $01999:12-11-16 
001U    $0utf8 
001X    $00 
002@    $0Aox 
003@    $0394729544 
007A    $0394729544 $aHEB 
007T    $0Herd50014 
010@    $ager 
011@    $a2002 
021A    $aWalde, Martin. Gestaltung sorbischer katholischer Lebenswelt. - Bautzen : Lusatia-Verl.. -  2000 [Rezension] 
028A    $aBulisch $dJens 
031A    $d49 $e1 $h154-156 $j2002 
039B    $aIn $8--Abvc--Sorbisches Institut [Tb1]. Lětopis. - Bautzen : Domowina-Verl., 1992-. - ISSN 0943-2787 $x200200000490001846 $9048608750 
039T    $8--Aau--Walde, Martin$Z1951- [Tp1]. Gestaltung sorbischer katholischer Lebenswelt. - Bautzen : Lusatia-Verl., 2000. - 247 S.. - ISBN 3-929091-71-2 $9095844155 
045F    $a900.94385 $eDDC23BSB 
045F/01 $a900 
045F/03 $g4385 
045T    $a10 $a8,1 $a9,10 

lok: 39472954 78

exp: 39472954 78 1 #EPN
201B/01 $018-11-16 $t12:32:20.000 
201U/01 $0utf8 
203@/01 $0791028143 
208@/01 $a12-11-16 $be 
209A/01 $a/ $f000 $x00 
220C/01 $aTitelaufnehmer: jk 
244Z/01 $2Trx $#Silesia $#Śląsk $#Sliezsko $#Slezsko $8--Trx--Schlesien $x01 $9391173987 
244Z/01 $2Trx $#Germania Slavica $#"Germania Slavica" $#Germania Slavica $#Germania Slavica $#Germania Slavica $#Germania Slavica $#Germania Slavica $8--Trx--Germania Slavica $x02 $9391371002 
244Z/01 $2Trx $#arvustused $#recenzijos $#Reviews $#recenziók $#recenzje $#recenzie $#recenze $8--Trx--Rezensionen $x03 $9391357441 
247C/01 $82080>Marburg/Lahn, Herder-Institut, Forschungsbibliothek, Bibliographieportal $9336309341
LEADER 00000caa a22000002c 4500
001 394729544
003 DE-603
005 20210803210041.0
007 tu
008 161112s2002 xx |||| | u00||u|ger c
035 |a (DE-599)HEB394729544 
040 |a DE-603  |b ger  |c DE-603  |d DE-603 
041 |a ger 
082 0 4 |8 1\u  |a 900.94385  |q DE-101  |2 23/BSB 
084 |a 10  |a 8,1  |a 9,10  |2 ssgn 
085 |8 1\u  |b 900 
085 |8 1\u  |z 2  |s 4385 
100 1 |a Bulisch, Jens 
245 0 0 |a Walde, Martin. Gestaltung sorbischer katholischer Lebenswelt. - Bautzen : Lusatia-Verl.. - 2000 [Rezension] 
264 0 |c 2002 
773 0 8 |i In  |a Sorbisches Institut  |t Lětopis  |d Bautzen : Domowina-Verl., 1992-  |h 24 cm  |x 0943-2787  |g Band 49, Heft 1 (2002), Seite 154-156  |w (DE-603)048608750  |w (DE-600)1116990-4 
787 0 8 |i Rezension von  |a Walde, Martin, 1951-  |t Gestaltung sorbischer katholischer Lebenswelt  |d Bautzen : Lusatia-Verl., 2000  |h 247 S.  |z 3929091712  |w (DE-603)095844155 
924 0 |9 2080  |a (DE-603)791028143  |b DE-2080  |c HES  |d d  |g /